期刊信息 |
| 索取号 |
G4/MT
|
| 题名 |
Mathematics teacher
|
| 作者 |
|
| 分册号 |
|
| 分册名 |
|
| 出版地 |
|
| 出版者 |
The National Council of Teachers of Mathematic
|
| 标准刊号 |
0025-5769
|
| 出版频率 |
月刊
|
| 中图法分类 |
G4
|
| 主题词 |
教育
|
| 电子资源 | |
| |
|
| 000 | 00404nas0 2200169 45 | |
| 001 | 0754139617 | |
| 005 | 20131118103152.21 | |
| 011 | @a0025-5769 | |
| 100 | @a20070415d km y0chiy0120 ea | |
| 101 | 0 | @aeng |
| 200 | 1 | @aMathematics teacher |
| 210 | @cThe National Council of Teachers of Mathematic | |
| 326 | @a月刊 | |
| 606 | 0 | @a教育 |
| 690 | @aG4@v4 | |
| 801 | 0 | @aCN@bPFT@c20070415 |
| 905 | @aTJWY@dG4@eMT | |
| Mathematics teacher.-The National Council of Teachers of Mathematic |
| ISSN 0025-5769 |
| ● |
| 相关链接: |
|
|
|
|